The Gambia : Staff-Monitored Program.

This paper focuses on the Staff-Monitored Program (SMP) for The Gambia. Understandings have been reached with the authorities on the SMP covering the period October 1, 2005 to March 31, 2006. Key objectives of the program include making progress toward fiscal sustainability, strengthening internal c...

Полное описание

Библиографические подробности
Соавтор: International Monetary Fund
Формат: Журнал
Язык:English
Опубликовано: Washington, D.C. : International Monetary Fund, 2006.
Серии:IMF Staff Country Reports; Country Report ; No. 2006/038
Online-ссылка:Full text available on IMF
LEADER 01634cas a2200241 a 4500
001 AALejournalIMF008973
008 230101c9999 xx r poo 0 0eng d
020 |c 5.00 USD 
020 |z 9781451815511 
022 |a 1934-7685 
040 |a BD-DhAAL  |c BD-DhAAL 
110 2 |a International Monetary Fund. 
245 1 4 |a The Gambia :   |b Staff-Monitored Program. 
264 1 |a Washington, D.C. :  |b International Monetary Fund,  |c 2006. 
300 |a 1 online resource (53 pages) 
490 1 |a IMF Staff Country Reports 
500 |a <strong>Off-Campus Access:</strong> No User ID or Password Required 
500 |a <strong>On-Campus Access:</strong> No User ID or Password Required 
506 |a Electronic access restricted to authorized BRAC University faculty, staff and students 
520 3 |a This paper focuses on the Staff-Monitored Program (SMP) for The Gambia. Understandings have been reached with the authorities on the SMP covering the period October 1, 2005 to March 31, 2006. Key objectives of the program include making progress toward fiscal sustainability, strengthening internal controls and the operational independence of the Central Bank of The Gambia, and enhancing public financial management and accountability. Successful implementation of the SMP should pave the way for reaching understandings on a possible new arrangement under the Poverty Reduction and Growth Facility (PRGF). 
538 |a Mode of access: Internet 
830 0 |a IMF Staff Country Reports; Country Report ;  |v No. 2006/038 
856 4 0 |z Full text available on IMF  |u http://elibrary.imf.org/view/journals/002/2006/038/002.2006.issue-038-en.xml  |z IMF e-Library